North Korea quiz - Statistics

General Stats
  • This quiz has been taken 15 times
    9 since last reset
  • The average score is 18 of 24
Answer Stats
Hint Answer % Correct
Name one colour of the North Korean flag Blue/ Red/ White
100%
Has the largest border with North Korea China
100%
What is the border called between North and South Korea Demilitarized Zone
100%
Which popular kind of clothing is banned in North Korea Jeans
100%
First leader of North Korea Kim Il-sung
100%
Second leader of North Korea Kim Jong-il
100%
Current leader of North Korea Kim Jong-un
100%
Capital of North Korea Pyongyang
100%
Has the smallest border with North Korea Russia
100%
North Korea's 'biggest' enemy in Asia South Korea
100%
North Korea's 'biggest' enemy in the Americas United States of America
100%
What ideology is North Korea? Communist
83%
Basketball player famous for visting North Korea Dennis Rodman
83%
European country that doesn't recognize North korea France
83%
Owned North Korea until 1945 Japan
83%
Half brother of the current leader, that was murdered Kim Jong-nam
83%
The country where the above was murdered Malaysia
83%
Most popular sport in North Korea Soccer
83%
Wife of the above Ri Sol-ju
50%
Which US island has North Korea threatened to nuke? Guam
33%
What kind of book is banned in North Korea? Bibel
17%
North Korea's version of Godzilla Pulgasari
17%
What must North Korean students pay for? Chairs/ desks/ heat
0%
Biggest stadium in the world Rungrado May Stadium
0%
No matching quizzes found
Score Distribution
Percent of People with Each Score
Percentile by Number Answered
Your Score History
You have not taken this quiz since the last reset